Kreatívna ekonomika a jej meranie
Kreativita ako zdroj a riadiaca sila ekonomického rastu. Kreatívna ekonomika. Zvyšujúca sa konkurencieschopnosť regiónov a ich rozvoj. Meranie podmienok pre rozvoj kreatívnej ekonomiky.
Salvato in:
| Autore principale: | |
|---|---|
| Natura: | Capitolo di libro |
| Lingua: | slovacco |
| Soggetti: | |
| Tags: |
Nessun Tag, puoi essere il primo ad aggiungerne!!
|
MARC
| LEADER | 00000nla a2200000 4500 | ||
|---|---|---|---|
| 001 | 0177901 | ||
| 005 | 20220722095609.2 | ||
| 041 | 0 | |a slo | |
| 044 | |a SK | ||
| 245 | 1 | 0 | |a Kreatívna ekonomika a jej meranie |c Jana Sochuľáková |
| 520 | |a Kreativita ako zdroj a riadiaca sila ekonomického rastu. Kreatívna ekonomika. Zvyšujúca sa konkurencieschopnosť regiónov a ich rozvoj. Meranie podmienok pre rozvoj kreatívnej ekonomiky. | ||
| 610 | 2 | 0 | |a ekonomika kreatívna |
| 610 | 2 | 0 | |a rozvoj regionálny |
| 610 | 2 | 0 | |a konkurencieschopnosť |
| 610 | 2 | 0 | |a priemysel kreatívny |
| 610 | 2 | 0 | |a rast hospodársky |
| 610 | 2 | 0 | |a meranie |
| 100 | 1 | |a Sochuľáková, Jana | |